Monopoly : el juego de finanzas mas famoso del mundo [juego].
Guardado en:
| Formato: | Objeto Físico |
|---|---|
| Publicado: |
Buenos Aires :
Hasbro,
2011
|
| Materias: | |
| Etiquetas: |
Agregar Etiqueta
Sin Etiquetas, Sea el primero en etiquetar este registro!
|
| LEADER | 00683nrm a22001575a 4500 | ||
|---|---|---|---|
| 001 | CEM.cems017564 | ||
| 008 | 130507s2011##################0###0#####d | ||
| 005 | 20230912093309.0 | ||
| 245 | 0 | 0 | |a Monopoly : |b el juego de finanzas mas famoso del mundo [juego]. |
| 260 | |a Buenos Aires : |b Hasbro, |c 2011 | ||
| 500 | |a Para mayores de 8 añospara 2 a 8 jugadores1 tablero, 2 dados, 8 fichas médicas, 33 casas, 12 hoteles, 16 tarjetas suerte, 16 tarjetas Arca comunal, 28 títulos de propiedad, billetes del banco Monopoly de diferentes valores | ||
| 082 | 0 | 4 | |a A4 |
| 653 | |a Juego de mesa | ||
| 653 | |a Estrategia | ||
| 653 | |a Juegos familiares | ||
| 859 | |a CEMS |b BIB. CEMS - Agricultura |h A4 |i 1-3 |p A0031.99 |t Ej.1 | ||
